| 000 | 00451nam a22001817a 4500 | ||
|---|---|---|---|
| 003 | OSt | ||
| 008 | 250430b |||||||| |||| 00| 0 eng d | ||
| 020 | _a9789383635856 | ||
| 082 | _a615.1 BAH | ||
| 100 | _aBalasubramanian, S | ||
| 245 | _aHospital and Clinical Pharmacy | ||
| 250 | _a2nd | ||
| 260 |
_aHyderabad _bPharmamed _c2023 |
||
| 300 | _axxxiv,410 | ||
| 650 | _aHospital and Clinical Pharmacy | ||
| 700 | _aNarayanan, N | ||
| 942 |
_2ddc _cBK |
||
| 999 |
_c13467 _d13467 |
||